[Event "Bundesliga 1011"]
[Site "Germany"]
[Date "2010.11.14"]
[Round "4.4"]
[White "Roiz, Michael"]
[Black "Bobras, Piotr"]
[Result "1/2-1/2"]
[WhiteElo "2637"]
[BlackElo "2535"]
[Annotator "Roiz,M"]
[PlyCount "106"]
[EventDate "2010.10.09"]
[EventType "team-tourn"]
[EventRounds "15"]
[EventCountry "GER"]
[SourceTitle "CBM 140"]
[Source "ChessBase"]
[SourceDate "2011.01.18"]
[SourceVersion "1"]
[SourceVersionDate "2011.01.18"]
[SourceQuality "1"]
[WhiteTeam "Werder Bremen"]
[BlackTeam "Trier"]
[WhiteTeamCountry "GER"]
[BlackTeamCountry "GER"]

1. Nf3 {Meyer,CD} Nf6 2. c4 g6 3. Nc3 d5 4. cxd5 Nxd5 5. Qb3 {I had never
tried this before.} ({Lately Black is doing quite well after} 5. Qa4+ Nc6) 5...
Nb6 6. d4 Bg7 7. e4 O-O (7... Bg4 $5) 8. Be3 Bg4 {Meyer,CD: Via Zugumstellung
ist das bekannte Grünfeld-Indische Abspiel (Russisches System/Smyslow-Variante)
1.d4 Nf6 2.c4 g6 3.Nc3 d5 4.Nf3 Bg7 5.Qb3 dxc4 6.Qxc4 0-0 7.e4 Bg4 8.Be3 Nfd7
9.Qb3 Nb6 erreicht worden.} 9. a4 $5 {I had in mind Delchev's idea. Meyer,CD:
Anstatt dieser alten Fortsetzung ("schärfer, aber nicht stärker als Rd1", Euwe)
wird seit längerem fast ausnahmslos 11.Rd1 gespielt.} ({A well known
theoretical position could arise after} 9. Rd1 Nc6 10. d5 Ne5 11. Be2 Nxf3+ 12.
gxf3 Bh5 {Most of the games saw this from the Smyslov variation in Gruenfeld
with 5.Qb3.}) 9... Bxf3 $6 {The same mistake as in Delchev's game - Black
exchanges the important bishop and fails to solve the problem of the misplaced
Nb6!} ({My preparation was based on} 9... a5 $142 10. d5 (10. Rd1 Qd6 (10...
Nc6 11. d5 Ne5 $11) 11. Be2 Bxf3 12. gxf3 Qb4 13. Qc2 Nc6 14. d5 Nd4 15. Bxd4
Bxd4 16. Ra1 Rac8 17. O-O c6 18. dxc6 Rxc6 $17 {0-1/28, Wood,B - Unzicker,W,
Oldenburg 1949}) (10. Ne5 Be6 11. d5 Bxd5 12. Nxd5 Bxe5 13. Rd1 Nxd5 14. Qxb7
Nxe3 15. Rxd8 Nc2+ 16. Kd2 Rxd8+ 17. Kxc2 Nd7 18. b3 (18. Qc6 Rab8 19. b3 e6
$13 {/=}) 18... Nc5 (18... Bf4 19. Bb5 Rab8 $13 {/=}) 19. Qb5 Bd4 20. Qc6 Rab8
$2 (20... Bxf2 21. Bc4 e6 $14) 21. Bc4 $16 Nd7 $2 22. Bxf7+ $18 Kh8 23. f4 Rb4
24. Rd1 Nb6 25. Qe6 Nc8 26. Rxd4 {1-0, Miton,K (2586) - Petr,M (2495), Czechia
2009}) 10... Na6 11. Be2 Bxf3 $6 (11... Qd6 $5 12. O-O Qb4 $13 {1/2-1/2
Chistiakov,A-Nei,I/Kharkov 1956/EXT 2002 (39) Meyer,CD: '1/2-1/2/39,
Chistiakov,A - Nei,I, Kharkov 1956'}) (11... e6 12. h3 Bxf3 13. Bxf3 exd5 14.
exd5 Nb4 (14... Qh4 15. Ne4 Rae8 16. g3 Qd8 17. d6 $1 $14 {1-0/41, Euwe,
M-Smyslov,V, Den Haag/Moscow 1948}) 15. O-O Re8 16. Rfd1 Nc8 17. d6 Nxd6 18.
Nb5 Qb8 19. Rac1 $16 {1-0/39, Szabo,L-Benko,P, Budapest 1948}) 12. Bxf3 Nd7
$143 (12... Qd6 {/\Qb4(+)} 13. Nb5 (13. Be2 Qb4 14. Qxb4 axb4 15. Nd1 b3 $13)
13... Qb4+ 14. Qxb4 axb4 15. Nxc7 Nxc7 16. Bxb6 Bxb2 17. Rb1 Bc3+ 18. Ke2 Rfc8
19. a5 (19. Bg4 $2 f5 20. exf5 Nxd5) 19... Ne8 20. Bg4 Rc4 21. Kd3 Nd6 $11) 13.
O-O c5 14. Be2 $16 {after which White won convincingly in 1-0 Delchev,A (2623)
-Laylo,D (2522)/Khanty-Mansiysk RUS 2010/The Week in Chess 830 (52)} Nb4 15.
Nb5 Rc8 16. Rac1 Qb6 17. Bg4 Rfd8 18. Rfd1 $16 {1-0/52, Delchev,A (2623) -
Laylo,D (2522), Khanty-Mansiysk RUS 2010}) 10. gxf3 Nc6 $6 {Black's play looks
quite logical, but it seems that Piotr had understimated my 12th move. Meyer,
CD: 'Durch den Verzicht auf (das obligatorische) ...a5 gerät das Spiel in
fremdes, stürmisches Fahrwasser.'} (10... a5 11. d5 N8d7 $14 {1/2-1/2 Lee,R 
(2112)-Harman,R (2144)/Barnstaple 1971/EXT 1999 (54)} (11... Qd6 $1 12. Nb5
Qb4+ 13. Qxb4 axb4 14. Nxc7 Rxa4 15. Rb1 (15. Rxa4 $142 Nxa4 16. b3 $11) 15...
N6d7 16. Nb5 Rc8 {- =, ECO/D3 -} 17. Be2 $6 (17. f4 b3 18. e5 g5 $1 $13) (17.
Nd4 $5 b3 18. Nxb3 Rb4 $13 {Smyslov}) 17... b3 $36 {0-1/37, Euwe,M - Smyslov,V,
Den Haag/Moscow 1948}) 12. Rd1 Kh8 13. f4 Qe8 14. Bh3 Rc8 15. Rg1 c5 16. e5 {
1-0/63, Burnett,K (2290) - Greanias,S, Chicago 1992}) 11. a5 Nd7 $2 {[%csl Rd4]
[%cal Ge7e5] Now Black is ready to occupy the dark central square d4, but...} (
{Hier hätte Schwarz m. E. mit} 11... Nxd4 $5 {"aus der Not eine Tugend" machen
sollen:} 12. Bxd4 Qxd4 13. axb6 axb6 {und mit zwei Mehrbauern und besserer
Struktur mag er ausreichend Kompensation für die geopferte Figur haben, z.B.}
14. Rd1 Qe5 15. Bg2 (15. h4 h5) 15... e6 16. O-O Rfd8 17. Rxd8+ Rxd8 18. Rd1
Rxd1+ 19. Qxd1 Bf6 20. Qd3 Kg7 21. h3 Be7 $14 (21... g5 $14)) 12. e5 $1 $16 {
This strong move makes everything clear: the weakness of 'the d5-square is
only symboicl, as Black's knights are restricted and couldn't reach it. Black
stands very passive and it's unclear what he can do against obvious threat of
pushing the central pawns by f3-f4 and d4-d5. Moreover, the Pb7 is hanging now,
so Black has to waste one more tempo without improving his pieces.} Rb8 ({
I was expecting} 12... e6 $5 13. Qxb7 Ne7 {but after} 14. f4 $16 {Black is in
big troubles:} Rb8 15. Qxa7 Rxb2 16. Bg2 $18 {[%csl Ga5]}) 13. f4 ({I was
considering the tempting} 13. h4 $36 {as well, but finally decided to make the
most natural move.}) 13... e6 {This is absolutely necessary.} 14. d5 {That was
played after long meditation.} ({My main alternative was:} 14. Bg2 $5 Ne7 (
14... Qh4 15. Qa4 Rfd8 16. d5 exd5 17. Nxd5 Ne7 $16) 15. d5 exd5 {and here
White has a choice:} {and} 16. Bxa7 $5 (16. Nxd5 Nxd5 17. Bxd5 c6 18. Bxf7+ (
18. Bc4 $5) 18... Rxf7 19. e6 (19. O-O-O $1 $18 {wins on the spot, but I
failed to find it during the game.}) 19... Re7 20. exd7+ Kh8 {and things are
far for being clear.}) 16... c6 (16... Ra8 17. Qxb7 c6 18. Bh3 f5 19. O-O $18)
17. Bxb8 Qxb8 {Black has some compensation for the exchange, although
objectively White is much better here.}) 14... exd5 15. Nxd5 b6 16. axb6 $6 {
That could ease Black's life...} ({Much stronger was} 16. Rd1 $142 $1 Nxa5 17.
Qa4 $16 {and Black is under serious pressure, while his extra pawn has no
value.}) 16... axb6 $2 {That was played almost immediately, but...} ({During
the game I thought that I missed most of the advantage after} 16... Nxb6 17.
Bg2 (17. Nxb6 axb6) 17... Nxd5 18. Qxd5 Qxd5 19. Bxd5 Ne7 (19... Nb4 20. Be4 f5
21. Bb1 $14) 20. Be4 Rb4 $1 $14) 17. Rd1 {Now Black is simply paralysed and
cannot avoid loss of material.} (17. O-O-O $5) 17... Qh4 (17... Ne7 18. Qb5 c6
19. Nxe7+ Qxe7 20. Qxc6 $18) 18. Qc2 $6 {Not the most accurate move.} (18. Qb5
$5 Ncxe5 19. fxe5 Qe4 (19... Nxe5) 20. Rg1 Nxe5 21. Bg2 Qh4) ({I failed to find
} 18. Qc4 $1 Ne7 (18... Na5 19. Qxc7 Rb7 20. Qc3 $18) 19. f5 $1 $18) 18... Ne7
$6 ({A better try was} 18... Ncxe5 19. fxe5 Nxe5 20. Be2 c6 {trying to
complicate the matters} 21. Nf4 $16) 19. Nxe7+ Qxe7 20. Qxc7 Qb4+ 21. Qc3 Qe4
22. Rg1 $18 {White is not only a pawn up, but still has a great strategic
advantage. Unfortunately, I managed to make too many mistakes...} Nc5 23. Qc4
$1 Qb7 {Black at least is trying to keep the queens on the board.} (23... Qf5
24. Rg5 Qc8 25. b4 $18) 24. Bh3 (24. f5 Nd7 $1 25. f4 $1 Rfc8 26. Qd5 $18)
24... Rfd8 25. Ke2 Qe7 26. Bg2 Ne6 27. Rxd8+ Rxd8 28. Rd1 Rb8 29. Bd5 Nc5 {
All that looks like real desperation, but we both were short on time.} 30. Qb5
(30. b4 Na4 31. Qc6 $1 b5 32. Bb3 $18 {[%cal Gd1d7]}) 30... Bf8 31. Qc6 b5 32.
Ba2 Ne6 {Here I made a couple of moves which spoiled all the advantage!} 33.
Bxe6 $2 {The first one...There was no reason to exchange such a powerful
bishop!} (33. Qd7 $18) (33. Rd6 $18) 33... Qxe6 34. Qxe6 fxe6 35. Rd7 Ra8 36.
Rb7 (36. Rc7 $142 Ra1 37. Bc1 $18 {was still enough to consolidate.}) 36... b4
37. Kd3 $2 {A waste of time! At this moment I didn't take care of my h-pawn...}
(37. Bc1 Ra1 38. Kd2 $18) 37... Ra1 {Somehow Black has managed to activate his
rook and can attack many pawns!} 38. Kc4 $2 {An additional ''empty'' move
which finally allows Black to escape!} ({After} 38. Bd2 Rd1 $1 39. b3 h5 $1 40.
Rb8 Kf7 41. Ke2 Rh1 42. Bxb4 Bxb4 43. Rxb4 Rxh2 44. Rb7+ $16 {White could
still hope for a win.}) 38... Rh1 39. Rb8 Kf7 40. Rb7+ Kg8 {Here I got extra
time, but it was already too late... Black simply wins the h-pawn and gets his
own passer.} 41. Kb5 Rxh2 42. Bc5 Bxc5 43. Kxc5 Rxf2 44. Rxb4 h5 45. Kd6 h4 (
45... Kf7 {was also good enough:} 46. Rb7+ Kg8 $11) 46. Kxe6 h3 47. Rb3 h2 48.
Rh3 Rxb2 (48... g5 49. fxg5 Rxb2 50. Kf6 Rf2+ 51. Kg6 Re2 $11) 49. Kf6 Rf2 50.
Kxg6 (50. Kg5 Rg2+ (50... Kf7 51. Kg4)) 50... Rxf4 {Cutting off White's
monarch. The draw is obvious.} 51. Rxh2 Kf8 52. Rh7 Ke8 53. Kg5 Rf1 1/2-1/2

[Event "Olympiad-29"]
[Site "Novi Sad"]
[Date "1990.11.24"]
[Round "7"]
[White "Kozul, Zdenko"]
[Black "Stohl, Igor"]
[Result "1/2-1/2"]
[WhiteElo "2560"]
[BlackElo "2525"]
[Annotator "Stohl,I"]
[PlyCount "99"]
[EventDate "1990.11.17"]
[EventType "team-swiss"]
[EventRounds "14"]
[EventCountry "YUG"]
[SourceTitle "TD"]
[Source "ChessBase"]
[SourceDate "1994.03.01"]
[SourceVersion "1"]
[SourceVersionDate "1994.03.01"]
[SourceQuality "1"]
[WhiteTeam "Yugoslavia"]
[BlackTeam "Czechoslovakia"]
[WhiteTeamCountry "YUG"]
[BlackTeamCountry "CSR"]

1. d4 Nf6 2. c4 g6 3. Nc3 d5 4. Nf3 Bg7 5. Qb3 dxc4 6. Qxc4 O-O 7. e4 Bg4 8.
Be3 (8. Ne5 Be6 9. d5 {49/563}) 8... Nfd7 9. Qb3 Nb6 10. Rd1 Nc6 11. d5 Ne5 12.
Be2 Nxf3+ 13. gxf3 Bh5 14. a4 $5 (14. Rg1) 14... Nd7 (14... Qd7 {47/584}) (
14... Qc8 15. Nb5 $6 Qh3 $1 $36) 15. f4 (15. Rg1 $5 Ne5 (15... Kh8 $5 {/\f5})
16. Rg3) 15... Bxe2 16. Nxe2 (16. Kxe2 $5 Nf6 $1 (16... c6 17. e5 Qc8 18. a5 $1
$16 {()}) 17. f3 Qd7 $132) 16... Qc8 {N} (16... Nf6 17. Ng3 (17. f3 $5) 17...
Qd7 18. e5 Ng4 19. Bd4 c6 $10) 17. Rc1 (17. e5 c6 18. Nc3 Nb6 19. Bxb6 $6 axb6
20. Qxb6 Qg4 $36) 17... c6 18. e5 (18. a5 $6 Qc7 19. Qa3 e5 $15) 18... Nb6 $1
$10 19. dxc6 (19. Bxb6 axb6 20. Qxb6 Rxa4 21. dxc6 bxc6 $40) (19. Nc3 Qh3 $1 (
19... Nxd5 20. Nxd5 Qe6 21. Nxe7+ Qxe7 22. Bc5 Qh4 23. Bxf8 (23. Qg3 Qxg3 24.
hxg3 Rfe8 $15 {/\f6}) 23... Qxf4 $44) (19... cxd5 $2 20. a5 Qc4 21. Qd1 $16)
20. dxc6 bxc6 21. a5 Qg2 $13 {|^}) 19... bxc6 20. Qc2 $6 (20. Nd4 c5 21. Qb5 $1
Nd7 $5 (21... Qb7 $6 22. Nc6 (22. Qc6 Rab8 23. Rxc5 Nxa4 $1) 22... a6 23. Nxe7+
(23. Qxc5 Nxa4 24. Qxe7 Qxb2 $13) 23... Kh8 24. Qc6 Qxc6 25. Nxc6 Nxa4 26. b3
$16) (21... cxd4 $5 22. Rxc8 Rfxc8 23. Bd2 Rab8 $14 {<=>}) 22. Nc6 (22. e6 Bxd4
) 22... Re8 23. Bxc5 Nxc5 24. Qxc5 Qf5 $44) 20... f6 (20... Qa6 $5 21. Qxc6 (
21. Nd4 $5 Nd5 22. Qxc6 $13) 21... Rfc8 22. Qb5 Qxa4 $36) 21. exf6 Bxf6 22. b3
Nd5 (22... Qh3 $1 23. Qxc6 Rac8 24. Qe4 (24. Qb7 $5) 24... Rxc1+ 25. Nxc1 Rd8 {
/\Nd5|^~/=}) 23. Qxc6 Qxc6 24. Rxc6 Rfb8 (24... Rab8 $10) 25. Nc1 $8 Bb2 26.
Kd2 (26. Ke2 Bxc1 27. Rhxc1 Rxb3 28. Rc8+ Rxc8 29. Rxc8+ Kf7 30. Bxa7 Ra3 31.
Rc4 Nc3+ $10) (26. O-O Bxc1 27. Rfxc1 Nxe3 28. fxe3 Rxb3 29. Kf2 Rb4 $10) 26...
Bxc1+ 27. Rhxc1 Nxe3 28. fxe3 Rxb3 29. Ke2 Rb2+ 30. R1c2 Rab8 31. Kf3 Rxc2 $10
32. Rxc2 Rb4 $6 (32... Rb7 33. Rc8+ Kf7 34. Ra8 Ke6 $10) (32... Kf7 $1 33. Rc7
Rb2 34. Kg3 Re2 $10) 33. Rc7 $14 Rxa4 34. Rxe7 a5 35. h4 $6 (35. e4 h5 $10) (
35. Kg4 $5 $14) 35... h5 $1 $10 36. Ra7 Kf8 37. Ke2 Ra3 38. Kf3 Ra4 39. Rd7 Rb4
40. Ra7 Ra4 $6 $138 41. Rh7 Rb4 42. Ke2 Rb3 43. Ra7 Ra3 44. Kd2 Kg8 45. Rc7 a4
$1 (45... Kf8 46. Rc3 $5 {/\Kd3-d4-e5}) 46. Ke2 Ra1 47. Ra7 a3 48. Kf3 a2 49.
Ke4 Kh8 $1 $8 (49... Kf8 $2 50. Ke5 Re1 51. Rxa2 Rxe3+ 52. Kf6 $16) 50. Ke5 (
50. Ke5 Re1 51. Rxa2 Rxe3+ 52. Kf6 Rg3 $10 {/\ Rg4}) 1/2-1/2

[Event "Sautron Loire Masters 1st"]
[Site "Sautron"]
[Date "2012.11.01"]
[Round "7"]
[White "Ivanov, Jordan"]
[Black "Shishkin, Vadim"]
[Result "1/2-1/2"]
[WhiteElo "2374"]
[BlackElo "2496"]
[Annotator "Stohl/Primel,D"]
[PlyCount "56"]
[EventDate "2012.10.27"]
[EventType "tourn"]
[EventRounds "9"]
[EventCountry "FRA"]
[EventCategory "4"]
[SourceTitle "EXT 2014"]
[Source "ChessBase"]
[SourceDate "2013.11.20"]
[SourceVersion "1"]
[SourceVersionDate "2013.11.20"]
[SourceQuality "1"]
[TimeControl "40/5400+30:1800+30"]
[WhiteClock "1:30:00"]
[BlackClock "1:30:00"]

1. Nf3 {[%emt 0:01:03]} Nf6 {[%emt 0:00:00]} 2. c4 {[%emt 0:00:08]} g6 {
[%emt 0:00:20]} 3. Nc3 {[%emt 0:00:12]} d5 {[%emt 0:00:09]} 4. cxd5 {[%emt 0:
00:07]} Nxd5 {[%emt 0:00:02]} 5. Qb3 {[%emt 0:00:26] La ligne critique depuis
quelques années} (5. e4) (5. Qa4+) (5. Qc2 $5 {Une idée récente}) 5... Nb6 {
[%emt 0:00:22]} 6. d4 {[%emt 0:00:17]} Bg7 {[%emt 0:00:37]} 7. e4 {[%emt 0:00:
22]} (7. Bg5) (7. Bf4) 7... Bg4 $1 {[%emt 0:01:09][%csl Rd4]} (7... O-O 8. Be3
Bg4 9. Rd1 $14 {[%csl Gd4,Ge4]}) 8. Be3 {[%emt 0:01:41]} O-O {[%emt 0:07:05]} (
8... Bxf3 9. gxf3 Bxd4 10. O-O-O $44 {Fressinet,L (2707)-So,W (2673) Tata
Steel-B 73rd 2011 (6) 0-1}) 9. O-O-O {[%emt 0:01:38]} (9. Rd1 {[%csl Gd4,Ge4]
[%cal Gf1e2,Gc3e2,Ge2d4]}) 9... e6 {[%emt 0:13:43][%csl Gd5]} (9... Nc6 10. d5
Ne5 11. h3 $1 Bxf3 12. gxf3 Nxf3 13. Be2 Ne5 14. f4 Ned7 15. h4 h5 16. Rhg1 {
[%cal Ge2h5,Gg1g8]} Kh7 17. e5 $36 {[%cal Gb3c2,Ge2h5]}) 10. Ne2 {[%emt 0:07:
11][%csl Gd4,Rf1] Renforce le centre mais au détriment du développement et les
Noirs sont proches de l'égalité.} Nc6 $6 {[%emt 0:06:15]} 11. h3 $6 {[%emt 0:
02:18] Trop lent} (11. Ne5 $1 Bxe2 12. Bxe2 $14 {[%csl Gd4,Ge4] Stohl}) 11...
Bxf3 {[%emt 0:03:56]} (11... Na5) 12. gxf3 {[%emt 0:00:04]} Na5 $1 {[%emt 0:00:
08][%csl Gc4]} 13. Qc2 {[%emt 0:01:43]} Nac4 $132 {[%emt 0:00:16]} 14. h4 {
[%emt 0:04:51]} Nxe3 {[%emt 0:02:13]} (14... c5 $1 {[%csl Rc1][%cal Gg7b2]} 15.
dxc5 (15. Kb1 Rc8 (15... cxd4 16. Nxd4 Rc8 $132 {[%cal Gc8c2]})) 15... Bxb2+
16. Qxb2 Qxd1+ $1) 15. fxe3 {[%emt 0:00:06]} Qe7 {[%emt 0:15:15]} 16. Nc3 {
[%emt 0:08:45]} Rfd8 {[%emt 0:06:36]} (16... c5 {Plus dynamique} 17. f4 cxd4
18. exd4 Rac8 $132 {[%csl Rc1,Rc2][%cal Gb6a4]} 19. Kb1 Nc4 20. Bxc4 Rxc4 21.
h5 Rxd4 22. Rxd4 Bxd4 23. Ne2 Bg7 24. hxg6 hxg6) 17. f4 {[%emt 0:10:36]} (17.
h5 c5 18. hxg6 hxg6) 17... c5 {[%emt 0:00:31]} 18. e5 $1 {[%emt 0:06:36] Le
Bg7 est trés fort et il est logique de vouloir l'enfermer} cxd4 {[%emt 0:00:03]
} 19. exd4 {[%emt 0:01:38]} Rac8 $14 {[%emt 0:03:58]} 20. Kb1 {[%emt 0:01:57]}
Qb4 {[%emt 0:13:52]} 21. a3 {[%emt 0:04:47]} Qa5 {[%emt 0:00:02]} 22. Qb3 {
[%emt 0:04:47]} (22. h5 Nd5 {[%csl Rc2,Rc3]}) 22... Rd7 {[%emt 0:08:04]} 23. h5
{[%emt 0:07:04]} Rcd8 {[%emt 0:01:42][%csl Rd4]} 24. hxg6 {[%emt 0:00:10]} (24.
Nb5 {[%cal Gb5d4,Gb5d6]} a6 25. Nd6 Qd5 26. Qh3 {[%cal Gh5g6]} Rxd6 $1) 24...
hxg6 {[%emt 0:00:04]} 25. Nb5 {[%emt 0:01:46]} a6 {[%emt 0:03:56]} 26. Nd6 {
[%emt 0:00:32]} Rxd6 $1 {[%emt 0:00:03]} 27. exd6 {[%emt 0:00:21]} Rxd6 $44 {
[%emt 0:00:02]} 28. Bg2 {[%emt 0:05:57]} Qf5+ {[%emt 0:00:04]} 1/2-1/2

[Event "Voronezh op-A 20th"]
[Site "Voronezh"]
[Date "2016.06.18"]
[Round "7"]
[White "Zakhartsov, Viacheslav V"]
[Black "Matinian, Nikita"]
[Result "1/2-1/2"]
[WhiteElo "2531"]
[BlackElo "2465"]
[Annotator "Zakhartsov,Vi"]
[PlyCount "119"]
[EventDate "2016.06.12"]
[EventType "swiss"]
[EventRounds "9"]
[EventCountry "RUS"]
[SourceTitle "CBM 173"]
[Source "ChessBase"]
[SourceDate "2016.07.12"]
[SourceVersion "1"]
[SourceVersionDate "2016.07.12"]
[SourceQuality "1"]

1. Nf3 Nf6 2. c4 g6 3. Nc3 d5 4. cxd5 Nxd5 5. Qb3 Nb6 6. d4 Bg7 7. e4 O-O {
Nikita has recently started to play the Grünfeld. Probably, therefore, he did
not choose the topical continuation:} (7... Bg4 8. Bb5+ c6 9. Ng5 O-O 10. Be2
Bxe2 (10... Bc8 11. h4) 11. Nxe2 Na6 12. Qh3) 8. Be3 Bg4 9. Rd1 {Now we have
transposed to the Smyslov Variation of the Russian System (4.Nf3 Bg7 5.Qb3
dxc4 6.Qxc4 0-0 7.e4 Bg4 8.Be3 Nfd7 9.Qb3 Nb6 10.Rd1) which is far less
popular nowadays than 7...a6 or 7...Na6.} Nc6 10. d5 Ne5 11. Be2 Nxf3+ 12. gxf3
Bh3 {One feels that he is not very familiar with this variation.} (12... Bh5 {
(in order to exchange bishops in the event of f3-f4) is stronger.}) 13. Rg1 Qc8
14. a4 {Straightforward.} (14. f4 Bd7 15. f5 Kh8 16. fxg6 fxg6 17. h4 $36 {
(Mikenas - Vaganian, Vilnius 1967) is also strong.}) 14... c6 15. a5 Nd7 16.
Rc1 (16. Rg3 Nf6 17. a6 {! (I had underestimated this option)} bxa6 18. dxc6 {
would give White a large advantage:} Nh5 19. Nd5 Re8 20. Qb7 {!} Nxg3 21. fxg3
Bf8 22. b4) 16... Nf6 17. a6 {A necessary intermediate move.} (17. e5 Nxd5 18.
Nxd5 Qe6 {, taking back the knight.}) 17... bxa6 18. e5 Nd7 (18... Nxd5 {?} 19.
Nxd5 Qe6 20. Rxc6) 19. f4 Nb6 20. Bf3 (20. Qa3 cxd5 21. Nxd5 Nxd5 {!} 22. Rxc8
Raxc8 {with ample compensation for the queen.}) 20... cxd5 21. Nxd5 Qe6 22. Rc6
Qd7 23. Bxb6 $6 (23. Rc7 Qd8 24. Nxe7+ Kh8 25. Qc2 Rb8 26. Rxa7 {with
advantage.}) 23... Rab8 (23... axb6 $1 {was quite possible:} 24. Nxb6 Rab8 25.
Nxd7 Rxb3 26. Nxf8 Rxf3 {(the point)} 27. Nxg6 hxg6 28. Rg3 Rxg3 (28... Rxf4 {
!?} 29. Rxh3 Bxe5) 29. hxg3 f6 30. Rxa6 Kf7 {with a probable draw.}) 24. Rc7
Rxb6 25. Qc2 Qb5 26. Nxb6 axb6 27. Be2 Qa5+ 28. Qd2 Qa1+ 29. Rc1 Qa4 30. Rg3
Bf5 31. Rc4 ({I had seen} 31. Ra3 {, but sought to repeat moves before the
first time control since I was in slight time trouble.}) 31... Qa1+ (31... Qe8
32. Ra3 a5 33. Qe3) 32. Rc1 Qa4 33. Ra3 Qe4 34. f3 Qb7 35. Bxa6 Qb8 36. Bd3 Be6
(36... Rd8 37. Qe3) 37. Be4 {White has complete domination. It is difficult to
parry the Ra8 threat.} b5 38. Qe3 Bh6 39. Kf2 b4 {Deciding to give up the
queen.} ({After} 39... Qd8 40. Ra8 Qd7 41. Bc6 Qc7 42. Ra7 Qd8 43. Kg3 $5 {
Black almost has no moves.}) 40. Ra8 Qxa8 (40... Qb5 {?} 41. Bc6) 41. Bxa8 Rxa8
42. Qd4 b3 {Despite the large material advantage, things are not so simple
because of White's damaged kingside pawn structure. Without rooks, for example,
it would be an almost impenetrable fortress. Therefore, I thought, I have to
exchange my rook for the bishop on e6 and take the b3-pawn.} 43. Rc6 Kf8 44.
Qb4 Re8 45. Rxe6 $5 {This should be enough for a win, but I should not hurry,
first improving the position by} (45. Kg3 {then h4 etc.}) 45... fxe6 46. Ke3
Kf7 47. h4 $2 {"Just in case" preventing g6-g5. But now this pawn becomes a
target for the rook.} ({The simple} 47. Qxb3 Rc8 48. Qd3 Rc1 49. b4 Rh1 50. Qc2
{should be winning.}) 47... Rc8 48. Qxb3 Rc1 49. h5 (49. Qb8 Re1+ 50. Kf2 Rh1
51. Qh8 Bxf4 52. Qxh7+ Kf8 53. Qh8+ Kf7 54. b4) 49... Re1+ $6 (49... Rh1 {
allowed him to hit the f4-pawn in time:} 50. hxg6+ hxg6 51. Qc4 Rh4 52. b4 g5
53. Ke2 Rxf4 54. Qb3 Bg7 55. b5 Bxe5 56. b6 Bb8 57. b7 Rh4 58. Qb5 Rh8 {
and Black should hold.}) 50. Kf2 Rh1 51. hxg6+ hxg6 52. Qb4 $2 {This finally
misses the win.} (52. Kg3 Rh5 (52... Rg1+ 53. Kh2 Rb1 54. Qb4) 53. Qe3 Rf5 (
53... g5 54. f5 {!} exf5 55. Qb3+ Kf8 56. Qe6) 54. Kg4 {and preventing ...g5
White simply pushes his b-pawn.}) 52... Rh4 53. Kg3 g5 54. Qb8 Rxf4 55. b4 Bg7
56. b5 Rf5 57. Kg2 Bxe5 58. Qc8 Bd6 59. b6 Rb5 60. b7 1/2-1/2